000 00431nam a22001457a 4500
082 _a954.91
_bMAR
_cN-01, P-154
100 _aMarshall, sir john
_96669
245 _aA guide to taxila
_bSir john marshall
260 _aKarachi
_bRoyal book company
_cc2007.
300 _av, 189 p.
_bill.
_c22 cm.
526 _a0
_b0
_c0
_d954_910000000000000_MAR
526 _a0
_b0
_c0
_d954_910000000000000_MAR
650 _aMCE
_9379
942 _2ddc
_cBK
999 _c549715
_d549715